<?xml version="1.0" encoding="UTF-8"?>
<record
    xmlns:xsi="http://www.w3.org/2001/XMLSchema-instance"
    xsi:schemaLocation="http://www.loc.gov/MARC21/slim http://www.loc.gov/standards/marcxml/schema/MARC21slim.xsd"
    xmlns="http://www.loc.gov/MARC21/slim">

  <leader>01374nam a22002657i 4500</leader>
  <controlfield tag="001">016890000096648</controlfield>
  <controlfield tag="003">CZ PrSKC</controlfield>
  <controlfield tag="005">20260505095835.0</controlfield>
  <controlfield tag="007">ta</controlfield>
  <controlfield tag="008">260428s2026    xr     g      000 f cze d</controlfield>
  <datafield tag="020" ind1=" " ind2=" ">
    <subfield code="a">9788026760597</subfield>
    <subfield code="c">399.00 K&#x10D;</subfield>
  </datafield>
  <datafield tag="040" ind1=" " ind2=" ">
    <subfield code="a">BOG001</subfield>
    <subfield code="b">cze</subfield>
    <subfield code="d">BOG001</subfield>
    <subfield code="e">rda</subfield>
  </datafield>
  <datafield tag="100" ind1="1" ind2=" ">
    <subfield code="a">Klabouchov&#xE1;, Petra,</subfield>
    <subfield code="d">1980-</subfield>
    <subfield code="4">aut</subfield>
  </datafield>
  <datafield tag="245" ind1="1" ind2="0">
    <subfield code="a">Mu&#x17E; z Brna na Onom Sv&#x11B;t&#x11B;.</subfield>
    <subfield code="n">2 /</subfield>
    <subfield code="c">Petra Klabouchov&#xE1;</subfield>
  </datafield>
  <datafield tag="246" ind1="1" ind2="3">
    <subfield code="a">Mu&#x17E; z Brna</subfield>
  </datafield>
  <datafield tag="250" ind1=" " ind2=" ">
    <subfield code="a">1. vyd&#xE1;n&#xED;</subfield>
  </datafield>
  <datafield tag="264" ind1=" " ind2="1">
    <subfield code="a">V Praze :</subfield>
    <subfield code="b">Motto,</subfield>
    <subfield code="c">2026</subfield>
  </datafield>
  <datafield tag="300" ind1=" " ind2=" ">
    <subfield code="a">278 stran ;</subfield>
    <subfield code="c">21 cm</subfield>
  </datafield>
  <datafield tag="500" ind1=" " ind2=" ">
    <subfield code="a">Ob&#xE1;lkov&#xFD; podn&#xE1;zev: Kdo stoj&#xED; za vra&#x17E;dou Pra&#x17E;&#xE1;ka na &#x160;umav&#x11B;?</subfield>
  </datafield>
  <datafield tag="520" ind1="2" ind2=" ">
    <subfield code="a">Josef Je&#x10D;m&#xED;nek p&#x159;e&#x17E;il Brno, tak u&#x17E; by ho nem&#x11B;lo nic p&#x159;ekvapit. Z bezpe&#x10D;nostn&#xED;ch d&#x16F;vod&#x16F; je v&#x161;ak odklizen na &#x160;umavu, kde v utajen&#xED; zast&#xE1;v&#xE1; funkci mluv&#x10D;&#xED;ho chr&#xE1;n&#x11B;n&#xE9; krajinn&#xE9; oblasti Onen Sv&#x11B;t. Parta m&#xED;stn&#xED;ch podiv&#xED;n&#x16F; mu to ale moc neusnad&#x148;uje. T&#xED;m sp&#xED;&#x161;, kdy&#x17E; v osad&#x11B; dojde k vra&#x17E;d&#x11B; seniora z Prahy a Josef se stane hlavn&#xED;m podez&#x159;el&#xFD;m a hv&#x11B;zdou televizn&#xED; reality show &#x10C;esko hled&#xE1; vraha. Nav&#xED;c mu jde po krku Ameri&#x10D;an p&#xE1;traj&#xED;c&#xED; po d&#xE1;vn&#xE9;m &#x161;umavsk&#xE9;m tajemstv&#xED;, kter&#xE9; m&#x16F;&#x17E;e ovlivnit pohled na modern&#xED; d&#x11B;jiny lidstva.</subfield>
  </datafield>
  <datafield tag="653" ind1="0" ind2=" ">
    <subfield code="a">detektivn&#xED; rom&#xE1;ny</subfield>
    <subfield code="a">humoristick&#xE9; rom&#xE1;ny</subfield>
    <subfield code="a">&#x10D;esk&#xE1; pr&#xF3;za</subfield>
  </datafield>
  <datafield tag="710" ind1="2" ind2=" ">
    <subfield code="a">Motto (nakladatelstv&#xED;)</subfield>
    <subfield code="4">pbl</subfield>
    <subfield code="9">20472</subfield>
  </datafield>
  <datafield tag="910" ind1=" " ind2=" ">
    <subfield code="a">ABG508</subfield>
  </datafield>
  <datafield tag="952" ind1=" " ind2=" ">
    <subfield code="1">0</subfield>
    <subfield code="2">udc</subfield>
    <subfield code="4">0</subfield>
    <subfield code="0"></subfield>
  </datafield>
  <datafield tag="999" ind1=" " ind2=" ">
    <subfield code="c">34249</subfield>
    <subfield code="d">34249</subfield>
  </datafield>
</record>
